Éléments du tableau périodique avec les départements - Statistiques

Statistiques générales
  • Ce quiz a été pris 27 fois
  • Le résultat moyen est 44 sur 93
Statistiques - réponses
Départements Élément % Correct
Allier Lithium
94%
Alpes-de-Haute-Provence Béryllium
76%
Aude Sodium
76%
Corrèze Potassium
71%
Aveyron Magnésium
65%
Nièvre Cérium
59%
Meuse Césium
59%
Haute-Vienne Francium
59%
Moselle Lanthane
59%
Oise Néodyme
59%
Bouches-du-Rhône Aluminium
53%
Cher Argon
53%
Ardèche Azote
53%
Morbihan Baryum
53%
Alpes-Maritimes Carbone
53%
Charente-Maritime Chlore
53%
Ain Hydrogène
53%
Pyrénées-Orientales Dysprosium
53%
Puy-de-Dôme Europium
53%
Ariège Fluor
53%
Aisne Hélium
53%
Indre Krypton
53%
Saône-et-Loire Lutécium
53%
Aube Néon
53%
Cantal Phosphore
53%
Vosges Radium
53%
Indre-et-Loire Rubidium
53%
Pas-de-Calais Samarium
53%
Isère Strontium
53%
Meurthe-et-Moselle Xénon
53%
Yonne Actinium
47%
Lot-et-Garonne Argent
47%
Hautes-Alpes Bore
47%
Dordogne Chrome
47%
Finistère Cuivre
47%
Haut-Rhin Erbium
47%
Drôme Fer
47%
Bas-Rhin Holmium
47%
Mayenne Iode
47%
Doubs Manganèse
47%
Seine-St-Denis Neptunium
47%
Eure-et-Loir Nickel
47%
Ardennes Oxygène
47%
Val-de-Marne Plutonium
47%
Nord Praséodyme
47%
Orne Prométhium
47%
Essonne Protactinium
47%
Vienne Radon
47%
Hérault Sélénium
47%
Calvados Silicium
47%
Charente Soufre
47%
Hautes-Pyrénées Terbium
47%
Territoire de Belfort Thorium
47%
Côtes d'Armor Titane
47%
Hauts-de-Seine Uranium
47%
Creuse Vanadium
47%
Haute-Saône Ytterbium
47%
Landes Zirconium
47%
Gironde Arsenic
41%
Ille-et-Vilaine Brome
41%
Eure Cobalt
41%
Manche Étain
41%
Pyrénées-Atlantiques Gadolinium
41%
Haute-Garonne Gallium
41%
Gers Germanium
41%
Seine-et-Marne Iridium
41%
Somme Mercure
41%
Loire Molybdène
41%
Loir-et-Cher Niobium
41%
Deux-Sèvres Or
41%
Lot Palladium
41%
Yvelines Platine
41%
Tarn-et-Garonne Plomb
41%
Vaucluse Polonium
41%
Paris Rhénium
41%
Côte-d'Or Scandium
41%
Haute-Loire Technétium
41%
Rhône Thulium
41%
Haute-Savoie Tungstène
41%
Jura Yttrium
41%
Gard Zinc
41%
Marne Antimoine
35%
Vendée Astate
35%
Var Bismuth
35%
Lozère Cadmium
35%
Sarthe Hafnium
35%
Maine-et-Loire Indium
35%
Seine-Maritime Osmium
35%
Loiret Rhodium
35%
Loire-Atlantique Ruthénium
35%
Savoie Tantale
35%
Haute-Marne Tellure
35%
Tarn Thallium
35%
Aucun quiz correspondant
Distribution des résultats
% des personnes avec chaque résultat
Percentile par nombre de réponses
Votre historique - résultats
Vous n’avez pas pris ce quiz